01129nam a22003137a 4500003000500000005001700005008004100022010001000063011001000073035001100083040000900094082001600103100003000119245007300149260007300222300002000295590004100315590004100356590004100397590004200438650003600480650003200516901000700548911001500555942001000570949007500580999001700655952014300672CHAP20220329143440.0091001s1975 mx a r 00010 eng d a96803 a97775 a108446 cCHAP04a634.96bP4400aPeterson, Glenn W.98761810aForest nursery diseases in the United Statesc/por Glenn W. Peterson aWashington :bForest Service, U.S. Departament of Agriculture,c1975 a125 p. :bilus. aBATCH-UPDb10c20130110lUCH01h1448 aBATCH-UPDb10c20130410lUCH01h0916 aBATCH-UPDb10c20130914lUCH01h1848 aCONVERSIONb10c20130109lUCH01h135314aÁrbolesxEnfermedades.98243614aViveros forestales.9120100 aBK aen proceso cLIBRO a634.96 P44bBCcLIBROd33724002112371eLIBROgI.c/eh111011i108446sb c96803d96803 00102ddc4052708GRALaBCbBCcPP_GRALd2019-12-31eI.c/efLIBROl0o634.96 P44p33724002112371r2019-12-31 00:00:00w2019-12-31yLIBRO